00665nam a22002052a 450000100060000000300080000600500170001400800410003103500190007204000510009104100080014208200300015010000320018024500690021226000540028130000200033565000370035565000330039274000340042532985BD-RjUL20211209051928.0140429s1961 cau 000 0 eng u a(BD-RjUL)33075 aMDYdOCLdUKMdPLTdEQOdBD-RjULbengcBD-RjUL aeng a320.0917671218bASP 19611 aAsad, Muhammad,d1900-1992.14aThe principles of state and government in Islam /cMuhammad Asad aBerkeley :bUniversity of California Press,c1961 a107 p. ;c23 cm 0aConstitutional law (Islamic law) 0aConstitutional lawzPakistan0 aState and government in Islam